Reverendissimi D. Domini Melchioris Cani ... Ordinis Praedicatorum ... De locis theologicis libri duodecim (Registro nro. 66038)

Detalles MARC
000 -ENCABEZADO
Número de control [NR] 02242nam a2200301Ia 4500
005 - FECHA Y HORA DE LA ÚLTIMA TRANSACCIÓN
control field 20190610130652.0
008 - DE LONGITUD FIJA DE DATOS DE ELEMENTOS - INFORMACIÓN GENERAL
Elementos de longitud fija [NR] 130821s1564 be fr 1 latsd
040 ## - FUENTE DE CATALOGACION [NR]
Agencia de catalogación original [NR] Co-BoUCM
Idioma de catalogación [NR] spa
Quien Cataloga Sandra Yazo (modificó)
Quien Clasifica Sandra Yazo (modificó)
041 0# - CODIGO DE IDIOMA [R]
Código de idioma para texto/pista de sonido o título separado [R] Latín
082 04 - NUMERO DE CLASIFICACION DECIMAL DEWEY [R]
Número de clasificación [R] 230
Número de la edición [NR] 20
092 ## - SIGNATURA TOPOGRAFICA LOCAL
Número de clasificación local E01N076
100 1# - ASIENTO PRINCIPAL--NOMBRE PERSONAL [NR]
Nombre personal [NR] Cano, Melchor
Fechas asociadas con el nombre [NR] 1509-1560
ID Autoridad 35566
242 00 - TRADUCCION DEL TITULO POR LA AGENCIA CATALOGADORA [R]
Título [NR] Del Reverendísimo Señor Melchor Cano, de la Orden de Predicadores. Doce libros sobre los lugares teológicos
Código de idioma del título traducido [NR] spa
245 10 - MENCION DE TITULO [NR]
Título [NR] Reverendissimi D. Domini Melchioris Cani ... Ordinis Praedicatorum ... De locis theologicis libri duodecim
246 18 - FORMA VARIANTE DEL TITULO [R]
Título propiamente dicho/forma breve del título [NR] De locis Theologicis
260 ## - PUBLICACION, DISTRIBUCION, ETC. (PIE DE IMPRENTA) [R]
Lugar de publicación, distribución, etc. [R] Lovani [Lovaina] Bélgica
Nombre del editor, distribuidor, etc. [R] Excudebat Servatius Saffenus, sumptibus haeredum Ioannis Stelsii [Impreso por Servassio Saffenus, a costa de los herederos de Jan Steels]
Fecha de publicación, distribución, etc. [R] 1564
300 ## - DESCRIPCION FISICA [R]
Extensión [R] 75-902, [33] páginas
Dimensiones [R] 16 x 10 cm.
500 ## - NOTA GENERAL [R]
Nota general [NR] Detalles físicos: Sin encuadernación original, actualmente encuadernación rígida (holandesa) cartón forrado en papel. Lomo en tela con adornos en dorado. Tapas y lomo con residuos de cinta pegante. Guardas. Ejemplar mútilo, faltan las primeras páginas incluida la portada y también finales. Texto impreso en una sola columna. Mayúsculas capitales. Apostillas marginales. Signaturas y reclamos
505 0# - NOTA DE CONTENIDO CON FORMATO PREESTABLECIDO [R]
Nota de contenido con formato preestablecido [NR] La Sagrada Escritura ; Las tradiciones apostólicas ; Autoridad de la Iglesia Católica ; Autoridad de los Concilios ; Autoridad de la Iglesia Romana ; Autoridad de los Santos ; Autoridad de los Doctores ; Argumentos de la razón natural ; Autoridad de los filósofos que siguen la guía de la razón ; Autoridad de toda la historia humana ; Del uso de los "Lugares" en las disputas escolásticas
506 ## - NOTA DE RESTRICCIONES DE ACCESO [R]
Condiciones de acceso [NR] Consulta en sala
546 ## - NOTA DE IDIOMA [R]
Nota de idioma [NR] Texto en latín
650 #7 - ASIENTO SECUNDARIO DE MATERIA - TERMINO TEMATICO [R]
Término temático o nombre geográfico como elemento de entrada [NR] Teología
Subdivisión general [R] Obras anteriores a 1800
9 (RLIN) 37836
650 #7 - ASIENTO SECUNDARIO DE MATERIA - TERMINO TEMATICO [R]
Término temático o nombre geográfico como elemento de entrada [NR] Teología
Subdivisión general [R] Obras anteriores a 1800
Subdivisión de forma [R] Manuales
9 (RLIN) 70738
650 #7 - ASIENTO SECUNDARIO DE MATERIA - TERMINO TEMATICO [R]
Término temático o nombre geográfico como elemento de entrada [NR] Apologética
Subdivisión general [R] Obras anteriores a 1800
9 (RLIN) 9245
690 ## - ASUNTO AGREGADO LOCAL DE ENTRADA - TÉRMINO TEMÁTICO (OCLC, RLIN)
Acceso temático local Teología
9 (RLIN) 25230
856 41 - LOCALIZACION Y ACCESO ELECTRONICOS [R]
Nota dirigida al público [R] Disponible en línea
Identificador Uniforme del Recurso (“URI”) [R] <a href="http://books.google.es/books?id=RGYx8UVLf3wC&printsec=frontcover&dq=De+locis+theologicis+1564&hl=es&sa=X&ei=f5-jULSAJMzkigKcq4DIAg&ved=0CEIQ6AEwBg#v=onepage&q&f=false">http://books.google.es/books?id=RGYx8UVLf3wC&printsec=frontcover&dq=De+locis+theologicis+1564&hl=es&sa=X&ei=f5-jULSAJMzkigKcq4DIAg&ved=0CEIQ6AEwBg#v=onepage&q&f=false</a>
942 ## - ELEMENTOS DE ENTRADA AGREGADOS (KOHA)
Tipo de ítem principal el descrito en 300a Libro
Tema principal 4
Edición 1
Sistema de clasificación LOCAL
Clasificación E01N076
Existencias
Suprimido Perdido Sistema de clasificación Dañado No prestable Tipo de ítem específico Ubicación habitual Ubicación actual Localización Fecha de creación Forma de adquisición Costo Total préstamos Signatura topográfica Código de barras Última vez visto Ejemplar Price effective from Tipo de ítem
    LOCAL     Libro archivo Archivo Histórico Archivo Histórico Archivo histórico 28/02/2013 Donación 0.00   E01N076 L000164 15/12/2012 Ej.1 03/02/2013 Libro